000 00739nam a2200205Ia 4500
001 50245
003 OSt
005 20150622124000.0
008 140502s9999 xx 000 0 und d
020 _a9693519817
040 _cPK-LaUMT
082 _a 954.0317
_bIKR-E
100 _aIkram Chughatai, M.(اکرام چغتائی ایم)
245 _a1857 (tareekhi, ilmi aur adabi pehlu) (Urdu)(1857 تاریخی، علمی، اور ادبی پہلو)
_cIkram Chughatai, M.(اکرام چغتائی، ایم )
260 _aLahore,Pakistan:(لاہور، پاکستان )
_bSang-e-Meel Publications,(سنگ میل پبلیکیشنز)
_c2007
300 _a728 p.
546 _aUR
650 _aHistory-Indian mutiny (1857)
942 _cBK
_2ddc
999 _c47907
_d47907